| 000 | 01549nam a2200457 i 4500 | ||
|---|---|---|---|
| 001 | 6812 | ||
| 003 | KOSZ 005 | ||
| 005 | 20220617145751.0 | ||
| 008 | 970510s1994 pl a |000 0 pol | ||
| 015 | _aUWD 1995/3229 | ||
| 020 | _a8370111599 | ||
| 035 | _a991000028589705066 | ||
| 035 | _a(PL-WaBN)b10028766-48omnis_nlop | ||
| 035 | _ab10028766 | ||
| 035 | _a(OCoLC)749973657 | ||
| 035 | _azz2005943107 | ||
| 035 | _a(PL)b0000001002876 | ||
| 035 | _a(EXLNZ-48OMNIS_NETWORK)9910012241405606 | ||
| 040 |
_aWA N _cWA N _dKOSZ 005/HR |
||
| 080 | _a338.22 | ||
| 080 | _a339.9 | ||
| 080 | _a(075.8) | ||
| 245 | 0 | 0 |
_aPolityka ekonomiczna / _cpod red. Bolesława Winiarskiego ; [aut. oprac. B. Winiarski et al.]. |
| 250 | _aWyd. 2 popr. i rozsz. | ||
| 260 |
_aWrocław : _bWydawnictwo Akademii Ekonomicznej im. Oskara Langego, _c1994. |
||
| 300 |
_a478, [1] s. : _bmapy, wykr. ; _c24 cm. |
||
| 336 |
_aTekst _btxt _2rdacontent |
||
| 337 |
_aBez urządzenia pośredniczącego _bn _2rdamedia |
||
| 338 |
_aWolumin _bnc _2rdacarrier |
||
| 380 | _aKsiążki | ||
| 388 | 1 | _a1901-2000 | |
| 610 | 2 | 7 |
_aUnia Europejska (UE) _2DBN |
| 650 | 7 |
_aPolityka gospodarcza _2DBN |
|
| 651 | 7 |
_aPolska _2DBN |
|
| 655 | 7 |
_aPodręczniki akademickie _2DBN |
|
| 658 | _aGospodarka, ekonomia, finanse | ||
| 700 | 1 |
_aWiniarski, Bolesław _d(1925-2008) _eAutor _eRedakcja |
|
| 856 |
_uhttp://koha.tu.koszalin.pl/cgi-bin/koha/opac-detail.pl?biblionumber=6812 _yKatalog online BPK |
||
| 942 |
_2UKD _cKS |
||
| 999 |
_c6812 _d6812 |
||